<?xml version="1.0" encoding="UTF-8"?>
<record
    xmlns:xsi="http://www.w3.org/2001/XMLSchema-instance"
    xsi:schemaLocation="http://www.loc.gov/MARC21/slim http://www.loc.gov/standards/marcxml/schema/MARC21slim.xsd"
    xmlns="http://www.loc.gov/MARC21/slim">

  <leader>00788cam a22002292  4500</leader>
  <controlfield tag="001"> 84810</controlfield>
  <controlfield tag="003">BD-RjUL</controlfield>
  <controlfield tag="005">20250415154446.0</controlfield>
  <controlfield tag="008">250417s1964    pk       s    000 0 urdo </controlfield>
  <datafield tag="035" ind1=" " ind2=" ">
    <subfield code="a">(BD-RjUL) 84810</subfield>
  </datafield>
  <datafield tag="040" ind1=" " ind2=" ">
    <subfield code="a">DLC</subfield>
    <subfield code="c">CarP</subfield>
    <subfield code="d">DLC</subfield>
    <subfield code="b">eng</subfield>
  </datafield>
  <datafield tag="041" ind1=" " ind2=" ">
    <subfield code="a">urd</subfield>
  </datafield>
  <datafield tag="082" ind1=" " ind2=" ">
    <subfield code="2">23</subfield>
    <subfield code="a">891.4391</subfield>
    <subfield code="b">MUH 1964</subfield>
  </datafield>
  <datafield tag="100" ind1="0" ind2=" ">
    <subfield code="a">&#x1E24;asrat M&#x16B;h&#x101;n&#x12B;,</subfield>
    <subfield code="d">1875-1951.</subfield>
    <subfield code="9">8401</subfield>
  </datafield>
  <datafield tag="245" ind1="0" ind2="0">
    <subfield code="a">&#x62D;&#x633;&#x631;&#x62A; &#x6A9;&#x649; &#x634;&#x627;&#x639;&#x631;&#x649; ;; &#x1E24;asrat k&#x12B; sh&#x101;&#x2BB;ir&#x12B; /</subfield>
    <subfield code="c">&#x62D;&#x633;&#x631;&#x62A; &#x645;&#x648;&#x6C1;&#x627;&#x646;&#x6CC;  ;  &#x64A;&#x648;&#x633;&#x641; &#x62D;&#x633;&#x64A;&#x646;,  ;; Yusuf Husain Khan </subfield>
  </datafield>
  <datafield tag="260" ind1=" " ind2=" ">
    <subfield code="c">[1964]</subfield>
    <subfield code="a">Lahore :</subfield>
    <subfield code="b">&#x622;&#x626;&#x6CC;&#x646;&#x6C1; &#x627;&#x62F;&#x628; ,</subfield>
  </datafield>
  <datafield tag="300" ind1=" " ind2=" ">
    <subfield code="a">120 p.</subfield>
    <subfield code="c">18 cm.</subfield>
  </datafield>
  <datafield tag="600" ind1=" " ind2=" ">
    <subfield code="a">&#x1E24;asrat M&#x16B;h&#x101;n&#x12B;,</subfield>
    <subfield code="d"> 1875-1951 </subfield>
    <subfield code="x">Criticism and interpretation</subfield>
    <subfield code="9">15237</subfield>
  </datafield>
  <datafield tag="650" ind1=" " ind2=" ">
    <subfield code="a">Poetry</subfield>
  </datafield>
  <datafield tag="700" ind1=" " ind2=" ">
    <subfield code="a">&#x62E;&#x627;&#x646;&#x60C; &#x6CC;&#x648;&#x633;&#x641; &#x62D;&#x633;&#x6CC;&#x646; ;; Khan, Yousuf Hussain</subfield>
    <subfield code="9">15238</subfield>
  </datafield>
  <datafield tag="942" ind1=" " ind2=" ">
    <subfield code="2">ddc</subfield>
    <subfield code="c">BK</subfield>
  </datafield>
  <datafield tag="999" ind1=" " ind2=" ">
    <subfield code="c">84810</subfield>
    <subfield code="d">84810</subfield>
  </datafield>
  <datafield tag="952" ind1=" " ind2=" ">
    <subfield code="0">0</subfield>
    <subfield code="1">0</subfield>
    <subfield code="2">ddc</subfield>
    <subfield code="4">0</subfield>
    <subfield code="7">1</subfield>
    <subfield code="8">NFIC</subfield>
    <subfield code="a">RUCL</subfield>
    <subfield code="b">RUCL</subfield>
    <subfield code="c">Reading</subfield>
    <subfield code="d">2025-04-15</subfield>
    <subfield code="l">0</subfield>
    <subfield code="o">U 891.4391 MUH 1964</subfield>
    <subfield code="r">2025-04-15 00:00:00</subfield>
    <subfield code="t">C-1</subfield>
    <subfield code="w">2025-04-15</subfield>
    <subfield code="y">BK</subfield>
  </datafield>
  <datafield tag="952" ind1=" " ind2=" ">
    <subfield code="0">0</subfield>
    <subfield code="1">0</subfield>
    <subfield code="2">ddc</subfield>
    <subfield code="4">0</subfield>
    <subfield code="7">0</subfield>
    <subfield code="8">NFIC</subfield>
    <subfield code="a">RUCL</subfield>
    <subfield code="b">RUCL</subfield>
    <subfield code="c">GEN</subfield>
    <subfield code="d">1967-05-16</subfield>
    <subfield code="e">Sh. Mubarak ali</subfield>
    <subfield code="g">2.00</subfield>
    <subfield code="l">0</subfield>
    <subfield code="o">U 891.4391 MUH 1964</subfield>
    <subfield code="r">2025-07-28 00:00:00</subfield>
    <subfield code="t">C-2</subfield>
    <subfield code="w">2025-07-28</subfield>
    <subfield code="y">BK</subfield>
  </datafield>
</record>
